000 00558nam a2200217Ia 4500
003 OSt
005 20220928143534.0
006 a|||||r|||| 00| 0
007 ta
008 220927b |||||||| |||| 00| 0 eng d
024 _a22462
037 _cTextual
040 _aSDCL
_cSDCL
_beng
041 _2eng
_aeng
082 _aC2,2:(B), L5
100 _aKalandiya A I
_9505669
245 0 _aMathematical methods of two-dimensional elasticity.
260 _c1975
942 _hC2,2:(B), L5
_cTEXL
_2CC
999 _c824455
_d824455